00730nam a2200253 a 4500001001300000003000900013005001700022008004100039020002600080082001700106100001900123245002100142260003200163300000900195500003500204505002400239650001400263650003000277700001900307902000800326942000700334952011800341999001700459nice12345678IN_TiNIC20260116014858.0121015s2002 usaa grp 000 0 eng  a9780971078680c993.2700a299.934bVER aVernon, Roland aStar in the East aUSA bSentient Pubs. c2002 a306p aincludes index and biblioraphy2 aBibliography, Index aTheosophy aKrishnamurthi-Theosophist1 aVernon, Roland bSRS cBK 001040708StackRoom-aHMIbHMId2012-10-15g993.27l0o299.934 VERp023887r2012-10-15v993.27w2012-10-15yBK c17383d17383